000 00736nam a2200289Ia 4500
001 20020
003 IT-RoPAU
008 130308s9999 xx 000 0 und d
040 _aIT-RoPAU
040 _cIT-RoPAU
041 _aITALIANO
100 _aZanotto Piero
100 _gCodice Aut. SPICS: 3379
245 _aZavattini contro la terra
245 _bEnciclopedia del Fumetto-1
250 _a1a ed.
260 _aMILANO
260 _bMilano Libri
260 _c1969 [1° Ed.:1969 - Ed.Ling.Originale:1968]
300 _a"14 p. (prefazione: no ; testo: 14 [pagine: 223-236])"
650 _aSAGGI SUL FUMETTO
650 _eCodice materia Spics: 6711
942 _cBK
957 _71
999 _c50592
_d50592
999 _bSI
999 _g1